[Event "Caribbean-ch U14"]
[Site "San Salvador"]
[Date "2021.11.27"]
[Round "4"]
[White "Perez Nolasco, Judith Estefani"]
[Black "Clark, Tarquin"]
[Result "1-0"]
[WhiteElo "1384"]
[BlackElo "1075"]
[PlyCount "73"]
[EventDate "2021.11.27"]
[EventType "swiss"]
[EventRounds "9"]
[EventCountry "ESA"]
[SourceTitle "EXT 2023"]
[Source "ChessBase"]
[SourceDate "2022.10.05"]
[SourceVersion "1"]
[SourceVersionDate "2022.10.05"]
[SourceQuality "1"]
[WhiteTeam "El Salvador"]
[BlackTeam "Barbados"]
[WhiteTeamCountry "ESA"]
[BlackTeamCountry "BAR"]

1. Nf3 e6 2. g3 d5 3. Bg2 Nf6 4. 0-0 Nc6 5. d3 Bc5 6. Nbd2 0-0 7. c3 e5 8. Qc2 Bf5 9. e4 dxe4 10. dxe4 Bg6 11. b4 Bd6 12. Re1 a5 13. b5 Na7 14. a4 c6 15. Nc4 Bxe4 16. Rxe4 Nxe4 17. Qxe4 f5 18. Qc2 e4 19. Nd4 Bc5 20. Ne6 Qe7 21. Nxf8 Rxf8 22. Nxa5 cxb5 23. Qb3+ Kh8 24. axb5 b6 25. Nc4 f4 26. Ba3 Bxf2+ 27. Kxf2 fxg3+ 28. Ke1 Qf6 29. Bxf8 Qf2+ 30. Kd1 e3 31. Bxg7+ Kxg7 32. Rxa7+ Kg6 33. Ne5+ Kg5 34. Rg7+ Kh4 35. Qc4+ Kh5 36. Qg4+ Kh6 37. Qg5# 1-0